000 00545nam a2200169 i 4500
001 58157
003 ES-MaACL
005 20230906163735.0
007 t|
008 031021s1957 sp ||||1| spa d
100 1 _aDumesnil, René.
_945998
245 1 0 _aHistoria del Teatro Lírico /
_cRené Dumesnil ; traducción castellana y apéndice por Rosendo Llates.
260 _aBarcelona :
_bVergara,
_c[1957] (
_fRafael Salvá)
300 _a332 p., 22 lám. ;
_c25 cm.
700 1 _aLlates, Rosendo.
_972726
852 _aES-MaACL
_jC-12222
_bR.40475
999 _c58157
_d58157